000 00878nam a2200277 a 4500
001 66428
003 BD-RjUL
005 20211209081536.0
008 170316r1975 enk b 001 0 eng
020 _a0080063659 (pbk.)
035 _a(BD-RjUL)
040 _aDLC
_cDLC
_dBD-RjUL
_beng
041 _aeng
082 0 0 _a616.89
_223
_bMUP 1975
100 1 _aMunro, Alistair.
_9196577
245 1 0 _aPsychiatry for social workers /
_cby Alistair Munro and Wallace McCulloch.
250 _a2nd ed.
260 _aNew York :
_bPergamon Press,
_c1975
300 _axvi, 283 p. ;
_c20 cm.
490 0 _aThe Commonwealth and international library. Social work division
504 _aBibliography: p. 273-276.
650 0 _aPsychiatry.
_9196578
650 0 _aPsychiatric social work.
_9148698
700 1 _aMcCulloch, James Wallace,
_d1921-
_ejoint author.
_9196579
942 _2ddc
_cBK
999 _c66428
_d66428